000 01200cab a2200277 4500
001 ABS53401
008 090401t1995 xxu||||| |||| 00| 0 eng d
035 _a(Sirsi) u3941
041 _aeng
245 _aR v SoS Transport ex parte Owen and Owen
260 _c1995
350 _a0
490 _aRating & Valuation Reporter
_v1995 RVR 117-124(8)
520 _aCA 30 June 1994. Application for judicial review to quash SoS Transport`s refusal to purchase the appellants` property under powers contained in Highways Act 1980 s246(2A) and failing to declare that the appellants property was seriously affected by construction of the Cirencester Bypass. Alleged that DTp guidelines for interpreting powers had been misapplied. Decision to be quashed but declaration refused.
650 _aBLIGHT
650 _aCOLONEL OWEN
650 _aDIMINUTION IN VALUE
650 _aHIGHWAYS ACT 1980 S246(2A)
650 _aJUDICIAL REVIEW
650 _aNOISE LEVELS
650 _aQUIET ENJOYMENT
650 _aR V SOS TRANSPORT EX P OWEN AND OWEN
690 _aENVIRONMENTAL AND LAND CONSULTANCY-PLANNING AND DEVELOPMENT-COMPULSORY PURCHASE AND COMPENSATION
942 _n0
948 _c04/03/1997
999 _c2371
_d2371